El duce y las mujeres /
Tallennettuna:
| Päätekijä: | |
|---|---|
| Muut tekijät: | |
| Aineistotyyppi: | Elektroninen E-kirja |
| Kieli: | espanja |
| Julkaistu: |
Madrid, España :
Sílex,
2025.
|
| Sarja: | Colección Sílex historia.
|
| Aiheet: | |
| Linkit: | Digitalia Hispánica |
| Tagit: |
Lisää tagi
Ei tageja, Lisää ensimmäinen tagi!
|
MARC
| LEADER | 00000nam a2200000Ii 4500 | ||
|---|---|---|---|
| 001 | DIGSLX0057 | ||
| 003 | NyNyDIG | ||
| 006 | m o d | ||
| 007 | cr ||||||||||| | ||
| 008 | 260114s2025 sp o 000 0 spa d | ||
| 035 | |a (OCoLC)1569980518 | ||
| 040 | |a DGITA |b eng |e rda |e pn |c DGITA | ||
| 020 | |z 9788410267572 | ||
| 043 | |a e-it--- | ||
| 050 | 1 | 4 | |a D726.5 ebook |
| 100 | 1 | |a Franzinelli, Mimmo, |e author. | |
| 245 | 1 | 3 | |a El duce y las mujeres / |c Mimmo Franzinelli ; traducción de Claudio Del Pup. |
| 264 | 1 | |a Madrid, España : |b Sílex, |c 2025. | |
| 300 | |a 1 online resource. | ||
| 336 | |a text |b txt |2 rdacontent | ||
| 337 | |a computer |b c |2 rdamedia | ||
| 338 | |a online resource |b cr |2 rdacarrier | ||
| 347 | |a text file |2 rdaft | ||
| 347 | |b PDF | ||
| 490 | 1 | |a Colección Serie historia | |
| 588 | 0 | |a Online resource; title from PDF title page (Digitalia, viewed January 14, 2026) | |
| 600 | 1 | 0 | |a Mussolini, Benito, |d 1883-1945 |x Political and social views. |
| 650 | 0 | |a Fascism |z Italy |x History |y 20th century. | |
| 700 | 1 | |a Pup, Claudio Del, |e translator. | |
| 776 | 0 | 8 | |i Print version: |a Franzinelli, Mimmo. |t Duce y las mujeres. |d Madrid, España : Sílex, 2025 |z 9788410267572 |
| 791 | 2 | |a Digitalia (Firm), |e distributor. | |
| 793 | 0 | |g Digitalia eBook Collection: |a Sílex | |
| 830 | 0 | |a Colección Sílex historia. | |
| 856 | 4 | 0 | |3 Digitalia Hispánica |u https://digitalia.unach.elogim.com/a/183755/ |
| 910 | |a Premium collection: 2026 | ||